Mythologie Grecque et Romaine - Statistiques

Statistiques générales
  • Ce quiz a été pris 8 767 fois
  • Le résultat moyen est 31 sur 47
Statistiques - réponses
Réponse % Correct
Zeus
97%
Aphrodite
95%
Athéna
94%
Poséidon
93%
Arès
92%
Hadès
92%
Héra
90%
Mars
90%
Vénus
90%
Jupiter
89%
Apollon
88%
Hermès
88%
Dionysos
86%
Artémis
85%
Héphaïstos
82%
Neptune
82%
Hercule
81%
Gaïa
78%
Mercure
77%
Déméter
74%
Pluton
74%
Cronos
73%
Héraclès
73%
Cupidon
72%
Atlas
70%
Eros
69%
Diane
67%
Eole
64%
Saturne
62%
Hestia
61%
Bacchus
60%
Junon
56%
Minerve
55%
Charon
53%
Morphée
51%
Ouranos
50%
Vulcain
50%
Uranus
49%
Séléné
44%
Asclépios
40%
Cérès
35%
Vesta
34%
Luna
30%
Tellus ou Terra
30%
Esculape
17%
Morpheus
12%
Aeolus
7%
Aucun quiz correspondant
Distribution des résultats
% des personnes avec chaque résultat
Percentile par nombre de réponses
Votre historique - résultats
Vous n’avez pas pris ce quiz